Basic macroeconomics : principles and reality

Αποθηκεύτηκε σε:
Λεπτομέρειες βιβλιογραφικής εγγραφής
Κύριος συγγραφέας: Lindsey, David Earl
Άλλοι συγγραφείς: Dolan, Edwin G.
Μορφή: Βιβλίο
Γλώσσα:English
Δημοσίευση: Hinsdale, Illinois : Dryden Press, c1974
Θέματα:
Ετικέτες: Προσθήκη ετικέτας
Δεν υπάρχουν, Καταχωρήστε ετικέτα πρώτοι!

MARC

LEADER 00000cam a2200000 i 4500
001 1/6675
008 000616s1974 eng d
020 |z 0-03-091914-3 
035 |l 10062015 
040 |a GR-MY-UA  |b gre  |e aacr 
041 0 |a eng 
082 0 |a 339 
100 1 |a Lindsey, David Earl. 
245 1 0 |a Basic macroeconomics :  |b principles and reality /  |c David Lindsey, Edwin G. Dolan 
260 |a Hinsdale, Illinois :   |b Dryden Press,   |c c1974 
300 |a 317 p.  |b ill. 
504 |a Includes bibliographical references and index 
650 0 0 |a Macroeconomics. 
700 1 |a Dolan, Edwin G. 
852 |a INST  |b LESVOS  |e 20000616  |h 339 LIN  |p 005100021573  |q 005100021573  |t BK  |y 0 
909 |a Λ  |b 072880 
970 |z 2000/06/ΟΙΚΟΝΟΜΟΠΟΥΛΟΥ ΧΡΙΣΤΙΝΑ